| 000 | 00724nam a2200217 a 4500 | ||
|---|---|---|---|
| 005 | 20210223132348.0 | ||
| 008 | 140520s2005 mx r 000 0 spa d | ||
| 020 | _a8425515580 | ||
| 035 | _aUPN01000197329 | ||
| 049 | _aI | ||
| 050 | 4 |
_aGV1446 _bS7.6 |
|
| 100 | 1 |
_aStarck, Bodo _935667 |
|
| 245 | 1 | 3 |
_aEl pequeño gran táctico : _bejercicios de ajedrez para niños / _cBodo Starck ; il. de Christian Ewald ; tr. de Sergio Picatoste. |
| 260 |
_aBarcelona, Esp. : _bHispano Europea, _c2005. |
||
| 300 |
_a160 p. : _bil. |
||
| 440 | 0 | _aJaque Mate ; | |
| 534 |
_pTítulo original : _tSchach Macht Spass! |
||
| 650 | 4 |
_aAJEDREZ PARA NIÑOS _95261 |
|
| 650 | 4 |
_aJUEGOS DE ESTRATEGIA (MATEMATICAS) _96054 |
|
| 905 | _aInfantil | ||
| 999 |
_c169430 _d169430 |
||